000 00817nam a22002897a 4500
003 CHAP
005 20220329135812.0
008 971013s1962 uk r 00010 eng d
010 _a42427
011 _a43399
035 _a47535
040 _cCHAP
082 0 4 _a636.082
_bF73
100 0 0 _aFraser, Allan.
_943062
245 1 _aBreeder and boffin
260 _aLondon :
_bCrosby,
_c1962
300 _a88 p.
590 _aBATCH-UPD
_b10
_c20130110
_lUCH01
_h1830
590 _aBATCH-UPD
_b10
_c20130410
_lUCH01
_h1203
590 _aBATCH-UPD
_b10
_c20130914
_lUCH01
_h1437
590 _aCONVERSION
_b10
_c20130109
_lUCH01
_h1323
650 1 4 _aGanaderĂ­a.
_944604
650 1 4 _aGanado
_xMejoramiento.
_944926
901 _aBK
942 _cLIBRO
949 _a636.082 F73
_bBC
_cLIBRO
_d33724000270047
_eLIBRO
_h2426
_i47535
_si
999 _c42427
_d42427